000 00994nam a22003137a 4500
003 CHAP
005 20220817042756.0
008 971013s1981 r 00010 d
010 _a55212
011 _a56184
035 _a60337
040 _cCHAP
090 _aFolleto 10367
100 0 0 _aSilvas Ríos, Javier.
_9106076
245 _aGuía para producir tomate fresco en el Valle del Mayo
260 _aNovojoa, Son. :
_bINIA. Campo Agrícola Experimental Valle del Mayo,
_c1981
300 _a15 p.
490 _aFolleto para productores
_v; 1
590 _aBATCH-UPD
_b10
_c20130110
_lUCH01
_h0620
590 _aBATCH-UPD
_b10
_c20130410
_lUCH01
_h0303
590 _aBATCH-UPD
_b10
_c20130914
_lUCH01
_h1424
590 _aCONVERSION
_b10
_c20130109
_lUCH01
_h1330
650 1 4 _aTomate
_xRendimiento.
_9113761
650 1 4 _aTomate
_xSonora.
_9113768
830 0 _aFolleto para productores
_v; 1
901 _aBK
942 _cFOLL
949 _aFolleto 10367
_bBC
_cFOLL
_d-130107
_eTS1
_i60337
_si
999 _c55212
_d55212